000
00198 a2200097 4500
020
_a
9780778785132
041
_a
spa
100
_a
Kalman, Bobbie
245
_a
Insectos utiles y daì¨nos
942
_c
BK
999
_c
30102
_d
30100